| 000 | 00488nam a22001577a 4500 | ||
|---|---|---|---|
| 003 | LRUA | ||
| 005 | 20200114144558.0 | ||
| 008 | 200114b xxu||||| |||| 00| 0 eng d | ||
| 040 | _cRUA | ||
| 082 | _aAED SAT 2016 B657 Or.1 | ||
| 100 |
_914110 _aSAT CHHENGLY សាត ឈៀងលី |
||
| 245 | _athe study on household livelihood in chulsa commune, chulki district, kampong chhnang province | ||
| 260 |
_aRUA _bphnom penh _c2016 |
||
| 300 |
_axii;47p _bill; _c29cm |
||
| 942 |
_2ddc _cAED |
||
| 999 |
_c18719 _d18719 |
||